000 01250cam a2200217 4500
001 ABS65303
008 020508n2002 000 0 eng u
035 _a(Sirsi) u117877
100 _aGreene, K
245 _aWho's liable now?
260 _c2002
490 _aBuilding Services
_v24(4) April 2002, 21(1)
520 _aDiscusses if recently overturned "Baxall Securities v Sheard Walshaw Partnership" case means consultants without a contractual relationship cannot be held liable to third party for building defects. Originally in February 2001, case judgment showed, in absence of contract, rights of recovery of owner/occupier who has suffered loss as result of action of builder or professional were extremely limited. However, CA recently overturned this, arguing that wrong in law to impose duty of care on professionals owed to subsequent purchasers of property in regard to latent defect. Concludes duty of care can be extended to consultant in certain circumstances however.
590 _aABS
650 _aBAXALL SECURITIES LTD AND ANOTHER V SHEARD WALSHAW PARTNERSHIP
650 _aDUTY OF CARE
650 _aLATENT DEFECTS
690 _aBUILT ENVIRONMENT-BUILDING CONTRACT FORMS
700 _aBanyard Smith, E
942 _n0
999 _c70200
_d70200